000 00871nam a2200217Ia 4500
003 IN-BaIIA
008 211028s9999 xx 000 0 eng d
020 _a1-886733-91-0
040 _cIIA Library
080 _a082.2:52
_bASP-169
111 _aEuropean Workshop on White Dwarfs
_n11
_cTromso, Norway
_d1998 June 29- July 3
_923450
245 0 _aWhite dwarfs
_bproceedings of the 11th European workshop on white dwarfs, held in Tromso, Norway, 29 Jun - 3 Jul 1998
_cedited by J. E. Solheim and E. G. Meistas
260 _aCalifornia
_bAstronomical Society of the Pacific
_c1999
300 _axxxiii, 577p.
490 _aASP conference series; vol. 169
650 _aWhite dwarf stars
_916514
650 _aWhite dwarfs
_96553
700 _aMeistas, E. G ., ed.
_923451
700 _aSolheim, J. E., ed.
_915833
942 _cBK
999 _c13362
_d13362